Vplyv osobnosti manažéra na vedenie ľudí bakalárska práca

Gespeichert in:
Bibliographische Detailangaben
1. Verfasser: Grobař, Pavol
Körperschaft: Fakulta podnikového manažmentu EU. Katedra manažmentu
Weitere Verfasser: Suntingerová, Ľudmila
Format: Buch
Sprache:Slowakisch
Veröffentlicht: Bratislava 2010
Tags: Tag hinzufügen
Keine Tags, Fügen Sie das erste Tag hinzu!

MARC

LEADER 00000nbm a2200000 4500
001 0133658
005 20161109111542.7
041 0 |a slo 
044 |a SK 
245 1 0 |a Vplyv osobnosti manažéra na vedenie ľudí  |b bakalárska práca  |c Pavol Grobař ; školiteľ: Ľudmila Suntingerová 
264 1 |a Bratislava  |c 2010 
300 |a 37 s. 
100 1 |a Grobař, Pavol 
700 1 |a Suntingerová, Ľudmila 
710 2 |a Fakulta podnikového manažmentu EU. Katedra manažmentu